[Event "Mittelfrankenliga-B1 0708"]
[Site "Mittelfranken"]
[Date "2007.10.14"]
[Round "1.3"]
[White "Hoewel, Karl Adolf"]
[Black "Konsek, Peter"]
[Result "1/2-1/2"]
[WhiteElo "2017"]
[BlackElo "2000"]
[PlyCount "117"]
[EventDate "2007.10.14"]
[EventType "team-tourn"]
[EventRounds "9"]
[EventCountry "GER"]
[SourceTitle "EXT 2011"]
[Source "ChessBase"]
[SourceDate "2010.11.26"]
[SourceVersion "1"]
[SourceVersionDate "2010.11.26"]
[SourceQuality "1"]
[WhiteTeam "Nuernberg SK 1911"]
[BlackTeam "Nuernberg Sued SW II"]
[WhiteTeamCountry "GER"]
[BlackTeamCountry "GER"]

1. d4 Nf6 2. c4 e6 3. Nf3 Bb4+ 4. Bd2 Qe7 5. Qc2 Bxd2+ 6. Nfxd2 Nc6 7. e3 d6 8. a3 e5 9. d5 Nb8 10. Nc3 0-0 11. Bd3 a5 12. Rb1 Na6 13. b4 Bd7 14. Bf5 c6 15. Bxd7 Qxd7 16. Qd3 axb4 17. axb4 c5 18. b5 Nb4 19. Qe2 Nc2+ 20. Kd1 Nb4 21. Kc1 Qf5 22. e4 Qxf2 23. Qxf2 Nd3+ 24. Kc2 Nxf2 25. Rhe1 N2g4 26. h3 Nh6 27. g4 Nhxg4 28. hxg4 Nxg4 29. Ra1 g6 30. Rg1 h5 31. Kd3 Kg7 32. Ke2 f5 33. exf5 gxf5 34. Nf3 Kf6 35. Rh1 e4 36. Nd2 Kg5 37. b6 Rxa1 38. Rxa1 h4 39. Ndxe4+ fxe4 40. Nxe4+ Kh5 41. Nxd6 Rf2+ 42. Ke1 h3 43. Ne4 Rg2 44. Ra3 h2 45. Rh3+ Kg6 46. Nxc5 Rg1+ 47. Kd2 h1Q 48. Rxh1 Rxh1 49. Nxb7 Kf7 50. Nd8+ Ke8 51. b7 Rb1 52. Kc2 Rb6 53. c5 Rb5 54. c6 Ne3+ 55. Kd3 Nxd5 56. Kc4 Rb4+ 57. Kxd5 Kxd8 58. Kd6 Rb6 59. b8Q+ 1/2-1/2